| 000 | 01092cam a2200277 4500 | ||
|---|---|---|---|
| 001 | WS115327 | ||
| 008 | 011025n 000 0 eng u | ||
| 035 | _a(Sirsi) u115327 | ||
| 110 | _aBoard of Valuers, Appraisers and Estate Agents Malaysia | ||
| 245 | _aBoard of Valuers, Appraisers and Estate Agents Malaysia | ||
| 520 | _aSite for this organisation whose primary function is to regulate the valuers, appraisers and estate agents practising in Malaysia. Includes pages on fees, examinations and qualifications, publications and standards. Also gives a list of members and firms and their code of conduct. | ||
| 650 | _aORGANISATION | ||
| 650 | _aMALAYSIA | ||
| 650 | _aINTERNATIONAL | ||
| 650 | _aESTATE AGENTS | ||
| 650 | _aVALUERS | ||
| 650 |
_aValuation _96273 |
||
| 650 | _aSTANDARDS | ||
| 650 | _aFEES | ||
| 650 | _aCODE OF CONDUCT | ||
| 650 | _aEXAMINATIONS | ||
| 650 | _aQUALIFICATIONS | ||
| 690 | _aMANAGEMENT-BUSINESS MANAGEMENT-PROFESSIONAL PRACTICE | ||
| 856 | 4 | 0 |
_uhttps://www.lppeh.gov.my/ _zView the website free of charge at www.lppeh.gov.my |
| 942 | _n0 | ||
| 999 |
_c119937 _d119937 |
||